000 00430nam a22001457a 4500
082 _a154.63
_bVET
100 _aVetly, Denis
245 _aKhuvabun se haqeeqat tak /
_cDenis Vetly, Mutarjim Raja Tahir Asad
260 _aRawalpindi:
_bService Book Club,
_c2012.
300 _a170 p.
563 _aHBK
650 _aSuccess Psychology
_991595
880 _6245-01\(3\r
_aخوابوں سے حقیقت تک
942 _2ddc
_cBK
999 _c589725
_d589725